000 00641aam a2200241 4500
005 20161101101344.0
008 150717b xxu||||| |||| 00| 0 spa d
041 _aEspañol
082 _a917.286 G943g
245 _aGuías visuales Costa Rica
260 _aCosta Rica
_bSantillana
_c2006
300 _a288 páginas
650 _aCOSTA RICA
_929663
650 _aDESCRIPCIONES Y VIAJES
_929664
650 _aGEOGRAFIA TURISTICA
_96732
650 _aGUIAS
_9738
650 _aBOSQUES
_91802
650 _aRESERVAS BIOLÓGICAS
_912060
650 _aPLAYAS
_98299
650 _aVOLCANES
_91142
650 _aHOTELES
_91620
942 _cBK
999 _c1875
_d1875